000 00505nmm a2200169Ia 4500
008 251105s9999||||xx |||||||||||||||||und||
020 _a9788415759195
041 _abaq
100 _aAranberri Mendizabal, Luis
245 0 _aEGA Master kasuaren metodoa
264 _a[Madrid, España] :
_bUniversidad de Deusto,
_c2013
300 _a121 páginas
490 _aAmarillo - Serie Economía
650 _aEconomics and Business
856 _uhttps://public.digitaliapublishing.com/a/37402
942 _cCF
999 _c77031
_d77031